Pharmacology and the nursing process / (Record no. 20025)
[ view plain ]
| 000 -LEADER | |
|---|---|
| fixed length control field | 00433nam a2200157 a 4500 |
| 005 - DATE AND TIME OF LATEST TRANSACTION | |
| control field | 20140310183207.0 |
| 008 - FIXED-LENGTH DATA ELEMENTS--GENERAL INFORMATION | |
| fixed length control field | 030203s19uu xx 00 eng d |
| 050 ## - LIBRARY OF CONGRESS CALL NUMBER | |
| Classification number | RM 301 |
| Item number | .L628 2001 |
| 100 ## - MAIN ENTRY--PERSONAL NAME | |
| Personal name | Lilley, Linda Lane |
| 245 ## - TITLE STATEMENT | |
| Title | Pharmacology and the nursing process / |
| Statement of responsibility, etc | Linda Lane Lilley. |
| 300 ## - PHYSICAL DESCRIPTION | |
| Extent | 922 p. : |
| Other physical details | col. ill. ; |
| Dimensions | 28 cm. |
| 521 ## - TARGET AUDIENCE NOTE | |
| Target audience note | |
| 650 ## - SUBJECT ADDED ENTRY--TOPICAL TERM | |
| Topical term or geographic name as entry element | Pharmacology |
| 942 ## - ADDED ENTRY ELEMENTS (KOHA) | |
| Koha item type | Books |
| Source of classification or shelving scheme | Library of Congress Classification |
| Call number prefix | Foreign |
| Withdrawn status | Lost status | Source of classification or shelving scheme | Damaged status | Home library | Current library | Shelving location | Date acquired | Total Checkouts | Full call number | Barcode | Date last seen | Date checked out | Copy number | Price effective from | Koha item type |
|---|---|---|---|---|---|---|---|---|---|---|---|---|---|---|---|
| Library of Congress Classification | College Library | College Library | General Circulation Section | 01/31/2003 | 1 | RM 301 .L628 2001 | C1951 | 10/05/2023 | 09/28/2023 | 1 | 03/10/2014 | Books |